000 00999nam a22003017a 4500
001 000634
003 DO-SdBPM
005 20250829140122.0
007 ta
008 161102b1999 mx a |||| 00| 0 spa d
040 _aDO-SdBPM
_bspa
_cBPMSU
_erda
082 4 _a726.5
_bD568a 1999
_222
100 1 _aDíez Polanco, Carlos,
_d1954-
_eautor
245 1 0 _aAmérica sacra /
_cfotografías de Carlos Díez Polanco
260 _c
264 _aMéxico :
_bFundación Santillana,
_c1999
300 _a53 págians :
_bilustraciones, Fotográfias ;
_c27 cm.
336 _atexto
_btxt
_2rdaconten
337 _asin mediación
_bn
_2rdamedia
338 _avolumen
_bnc
_2rdacarrier
590 _aInventariado, 2025/VM
650 7 _aArquitectura religiosa
_zAmérica Latina.
650 7 _aIglesias (Arquitectura)
_xDecoración y ornamentación
_z América Latina.
650 7 _aArte cristiano latinoamericano
651 _a
910 _aVMateo V. Control de caldiad. BPMSU
942 _2ddc
_cBK
999 _c11767
_d11767